The cosmological argument from Plato to Leibniz /

Bibliographic Details
Main Author: Craig, William Lane
Format: Book
Language:English
Published: New York : Barnes & Noble Books, 1980.
Series:Library of philosophy and religion.
Subjects:

MARC

Tag First Indicator Second Indicator Subfields
LEADER 00000pam a2200000 a 4500
001 in00000653109
005 20151015070443.0
008 790312s1980 nyu b 00110 engm
010 |a  79010394  
020 |a 0064913112 :  |c $23.50 
035 |a (OCoLC)04804448 
035 |9 ACW6707AM 
040 |a DLC  |c DLC  |d m.c.  |d TXA  |d UtOrBLW 
049 |a TXAM  |c [1801045] 
050 0 0 |a BT98  |b .C7 1980b 
082 0 |a 212  |2 19 
090 |a BT98  |b .C7 1980c 
100 1 |a Craig, William Lane. 
245 1 4 |a The cosmological argument from Plato to Leibniz /  |c William Lane Craig. 
264 1 |a New York :  |b Barnes & Noble Books,  |c 1980. 
300 |a xi, 305 pages ;  |c 23 cm. 
336 |a text  |b txt  |2 rdacontent 
337 |a unmediated  |b n  |2 rdamedia 
338 |a volume  |b nc  |2 rdacarrier 
490 1 |a Library of philosophy and religion 
504 |a Includes bibliographical references and index. 
650 0 |a God  |x Proof, Cosmological  |x History of doctrines. 
830 0 |a Library of philosophy and religion. 
999 |a MARS 
999 f f |s db7be457-cb38-36e9-a5b5-f7c688195566  |i 06e2e2d7-d404-327c-a40b-02baad0a788b  |t 0 
952 f f |p normal  |a Texas A&M University  |b College Station  |c Sterling C. Evans Library  |d Evans: Library Stacks  |t 0  |e BT98 .C7 1980c  |h Library of Congress classification  |i unmediated -- volume  |m A14801788975 
998 f f |a BT98 .C7 1980c  |t 0  |l Evans: Library Stacks